Fiscal sustainability in remittance-dependent economies

Bibliographic Details
Main Author: Abdih, Y.
Corporate Authors: International Monetary Fund. Middle East and Central Asia Dept., ProQuest (Firm)
Format: Electronic eBook
Language:English
Published: [Washington, DC] : International Monetary Fund, 2009.
Series:IMF working paper ; WP/09/190.
Subjects:
Online Access:Click to View
LEADER 01377nam a2200361Ia 4500
001 EBC1608816
003 MiAaPQ
005 20200520144314.0
006 m o d |
007 cr cn|||||||||
008 091119s2009 dcua s i000 0 eng d
035 |a (MiAaPQ)EBC1608816 
035 |a (Au-PeEL)EBL1608816 
035 |a (CaPaEBR)ebr10368955 
035 |a (CaONFJC)MIL284399 
035 |a (OCoLC)870245452 
040 |a MiAaPQ  |c MiAaPQ  |d MiAaPQ 
050 4 |a HJ192  |b .A235 2009 
100 1 |a Abdih, Y.  |q (Yasser) 
245 1 0 |a Fiscal sustainability in remittance-dependent economies  |h [electronic resource] /  |c Yasser Abdih ... [et al.]. 
260 |a [Washington, DC] :  |b International Monetary Fund,  |c 2009. 
300 |a 25 p. :  |b ill. 
490 1 |a IMF working paper ;  |v WP/09/190 
500 |a "September 2009". 
500 |a Includes bibliographical references. 
533 |a Electronic reproduction. Ann Arbor, MI : ProQuest, 2015. Available via World Wide Web. Access may be limited to ProQuest affiliated libraries. 
650 0 |a Fiscal policy. 
650 0 |a Debts, Public. 
655 4 |a Electronic books. 
710 2 |a International Monetary Fund.  |b Middle East and Central Asia Dept. 
710 2 |a ProQuest (Firm) 
830 0 |a IMF working paper ;  |v WP/09/190. 
856 4 0 |u https://ebookcentral.proquest.com/lib/matrademy/detail.action?docID=1608816  |z Click to View